| 000 | 00707nam a22002177a 4500 | ||
|---|---|---|---|
| 999 |
_c1039 _d1039 |
||
| 005 | 20200317100614.0 | ||
| 008 | 200317b ||||| |||| 00| 0 eng d | ||
| 020 | _a50060127 | ||
| 040 | _cKH8 | ||
| 082 | _a320 ZUN | ||
| 100 |
_aZunar _eauthor & illustrator |
||
| 245 |
_aPirates of the carry-BN / _cZunar |
||
| 260 |
_aKuala Lumpur : _bRanuza Enterprise, _c[2013] ©2013. |
||
| 300 |
_a120 pages : _billustrations (chiefly color) ; _c19 x 27 cm. |
||
| 500 | _aSigned copy. | ||
| 546 | _aBilingual | ||
| 650 |
_aMalaysia _vPolitics and government _xCaricatures and cartoons. |
||
| 650 |
_aMalaysia _vSocial conditions _xCaricatures and cartoons. |
||
| 650 | _aPolitical cartoons. | ||
| 942 |
_2ddc _cNFIC |
||